| 000 | 00748cab a22002055a 4500 | ||
|---|---|---|---|
| 001 | L137963 | ||
| 008 | 070510e2007 xxk f 000 0 eng d | ||
| 035 | _a(Sirsi) u137963 | ||
| 041 | 0 | _aeng | |
| 245 | 0 | 0 | _aInvestments you can trust? |
| 260 | _c2007 | ||
| 490 | 0 |
_aEuroProperty _v7 May 2007, 10-11(2) |
|
| 520 | _aDiscusses the introduction of REITs to Germany, Italy and the United Kingdom. Claims that REITs will not affect the market as much as they are commonly expected to, and may in some respects destabilise the property investment market. | ||
| 590 | _aKA | ||
| 651 | 4 | _aGERMANY | |
| 651 | 4 |
_aUnited Kingdom _y |
|
| 651 | 4 | _aITALY | |
| 690 | _aPROPERTY-PROPERTY FINANCE AND INVESTMENT-REAL ESTATE INVESTMENT TRUSTS | ||
| 942 | _n0 | ||
| 999 |
_c78754 _d78754 |
||